|
|
|
|
| LEADER |
00000nab a2200000 a 4500 |
| 001 |
vtls000805734 |
| 003 |
SK-MaSNL |
| 005 |
20260304142629.0 |
| 008 |
250505c2002 xo 0 slo |
| 015 |
|
|
|a SNBRB2002/09-27898
|
| 035 |
|
|
|a CLN000157389
|
| 035 |
|
|
|a urn:nbn:sk:snk-ab2dw3
|
| 035 |
|
|
|a (urnnbn)urn:nbn:sk:snk:ar-a0282d
|
| 035 |
|
|
|a (uuid)39a94353-0777-462a-a473-f8da57ec1e38
|
| 040 |
|
|
|a SNKBUCL
|b slo
|c SNKBUCL
|e AACR2
|
| 041 |
0 |
|
|a slo
|
| 044 |
|
|
|a xo
|c SK
|
| 080 |
|
|
|a 658.5.012.43(048)
|2 1997
|
| 100 |
1 |
|
|a Marsina, Štefan
|4 aut
|9 23505
|
| 245 |
1 |
0 |
|a Majtán, M.: Projektový manažment - nové trendy v manažmente
|c Štefan Marsina
|
| 650 |
0 |
7 |
|a monografie
|2 SNKPH
|9 256509
|
| 650 |
0 |
7 |
|a projektový manažment
|2 SNKPH
|9 937
|
| 655 |
|
7 |
|a články z novín a časopisov
|2 SNK
|9 267496
|
| 655 |
|
7 |
|a recenzie
|2 SNKPH
|9 21907
|
| 773 |
0 |
|
|t Ekonomické rozhľady
|g Roč. 31, č. 3 (2002), s. 395-396
|x 0323-262X
|
| 787 |
0 |
8 |
|i Rec.:
|a Majtán, Miroslav
|t Projektový manažment - nové trendy v manažmente
|d Bratislava : Ekonóm, 2002
|
| 850 |
|
|
|a Slovenská národná knižnica
|
| 852 |
|
|
|a Slovenská národná knižnica
|
| 954 |
|
|
|a odborná, vedecká literatúra pôvodná (slovenská)
|2 lita
|
| 958 |
|
|
|a article27
|
| 958 |
|
|
|a RC
|
| 958 |
|
|
|a OND
|
| 958 |
|
|
|a EUIPO
|
| 992 |
|
|
|a RBX
|
| 999 |
|
|
|c 2922158
|d 2924088
|